Chemistry The Conquest Materials (Record no. 40734)

MARC details
000 -LEADER
fixed length control field 00444nam a2200145Ia 4500
008 - FIXED-LENGTH DATA ELEMENTS--GENERAL INFORMATION
fixed length control field 211109s9999||||xx |||||||||||||| ||und||
082 ## - DEWEY DECIMAL CLASSIFICATION NUMBER
Classification number 541
Item number HUT-C
100 ## - MAIN ENTRY--PERSONAL NAME
Personal name Hutton, Kenneth
245 #0 - TITLE STATEMENT
Title Chemistry The Conquest Materials
260 ## - PUBLICATION, DISTRIBUTION, ETC.
Name of publisher, distributor, etc. Penguin Books Ltd.
Place of publication, distribution, etc. England
Date of publication, distribution, etc. 1900
300 ## - PHYSICAL DESCRIPTION
Extent 227p.
630 ## - SUBJECT ADDED ENTRY--UNIFORM TITLE
General subdivision GENERAL STACK
650 ## - SUBJECT ADDED ENTRY--TOPICAL TERM
Topical term or geographic name entry element NATURAL SCIENCES & MATHEMATICS
942 ## - ADDED ENTRY ELEMENTS (KOHA)
Koha item type BOOK
650 ## - SUBJECT ADDED ENTRY--TOPICAL TERM
Form subdivision CHEMISTRY & ALLIED SCIENCES
General subdivision PHYSICAL CHEMISTRYGeneralia
Holdings
Withdrawn status Lost status Damaged status Not for loan Home library Current library Date acquired Total Checkouts Full call number Barcode Shelving location Date last seen Price effective from Koha item type
        SB LIBRARY SB LIBRARY 09/11/2021   541 HUT-C 00082347 GENERAL STACK 09/11/2021 09/11/2021 BOOK

Powered by Koha